| 000 | 00406pam a2200157a 44500 | ||
|---|---|---|---|
| 008 | 230515b2006 xxu||||| |||| 00| 0 eng d | ||
| 020 | _a0-14-400070-9 | ||
| 041 | _aENGLISH | ||
| 082 | _a910.2 | ||
| 100 | _aKRISHEN P | ||
| 245 | _aTREES OF DELHI A FIELD GUIDE | ||
| 250 | _a1 | ||
| 260 |
_aNEW DELHI _bDORLING KINDERSLEY PVT LTD DELHI _c2006 |
||
| 300 | _a360 | ||
| 650 | _aTREES OF DELHI A FIELD GUIDE | ||
| 999 |
_c479541 _d479541 |
||